[Event "Madrid-chT 2021"]
[Site "Madrid"]
[Date "2021.05.30"]
[Round "13.3"]
[White "Beltran de Heredia Eguiaz, Miguel Angel"]
[Black "Mkrtchyan, Levon"]
[Result "0-1"]
[WhiteElo "2232"]
[BlackElo "2230"]
[PlyCount "118"]
[EventDate "2021.01.24"]
[EventType "team-tourn"]
[EventRounds "14"]
[EventCountry "ESP"]
[SourceTitle "Ajedrez en Madrid"]
[Source "lmi"]
[SourceDate "2021.01.23"]
[SourceVersion "1"]
[SourceVersionDate "2021.06.08"]
[SourceQuality "1"]
[WhiteTeam "Vallecas CDV"]
[BlackTeam "Tajamar"]
[WhiteTeamCountry "ESP"]
[BlackTeamCountry "ESP"]

1. e4 e6 2. d4 d5 3. Nd2 Be7 4. Ngf3 Nf6 5. e5 Nfd7 6. Bd3 c5 7. c3 Nc6 8. O-O
a5 9. Re1 cxd4 10. cxd4 Qb6 11. Nb1 Nxd4 12. Nxd4 Qxd4 13. Nc3 Qb6 14. Qg4 Kf8
15. Nb5 Nc5 16. Be3 Bd7 17. Nd6 Bxd6 18. exd6 Qxd6 19. Qg3 Qc6 20. Rec1 b6 21.
a4 Rc8 22. Bb5 Qc7 23. Bf4 Qd8 24. Bd6+ Kg8 25. Bxd7 Qxd7 26. Be5 f6 27. Bxf6
h6 28. Bd4 Kh7 29. h4 Rhe8 30. h5 e5 31. Bxe5 Rxe5 32. Qxe5 Nd3 33. Qe3 Rxc1+
34. Rxc1 Nxc1 35. Qxc1 Qxa4 36. Qb1+ Qe4 37. Qxe4+ dxe4 38. Kf1 b5 39. Ke2 a4
40. Ke3 b4 41. Kd4 g6 42. Kc4 a3 43. bxa3 bxa3 44. Kb3 gxh5 45. Kxa3 Kg6 46.
Kb3 Kg5 47. Kc3 h4 48. Kd2 Kf4 49. Ke2 h5 50. Ke1 Kg4 51. Ke2 h3 52. gxh3+ Kxh3
53. Ke3 Kg2 54. Kxe4 h4 55. f4 h3 56. f5 h2 57. f6 h1=Q 58. Kd5 Qh8 59. f7 Qf6
0-1

[Event "Madrid-chT 2021"]
[Site "Madrid"]
[Date "2021.05.30"]
[Round "13.4"]
[White "Gonzalez Pinar, Adrian"]
[Black "Morona Minguez, Miguel"]
[Result "1-0"]
[WhiteElo "1913"]
[BlackElo "2064"]
[PlyCount "103"]
[EventDate "2021.01.24"]
[EventType "team-tourn"]
[EventRounds "14"]
[EventCountry "ESP"]
[SourceTitle "Ajedrez en Madrid"]
[Source "lmi"]
[SourceDate "2021.01.23"]
[SourceVersion "1"]
[SourceVersionDate "2021.06.08"]
[SourceQuality "1"]
[WhiteTeam "Tajamar"]
[BlackTeam "Vallecas CDV"]
[WhiteTeamCountry "ESP"]
[BlackTeamCountry "ESP"]

1. d4 Nf6 2. c4 c6 3. Nf3 d5 4. e3 Bg4 5. Qb3 Qb6 6. Ne5 Bf5 7. cxd5 Nxd5 8.
Bd3 Bxd3 9. Nxd3 e6 10. Bd2 Na6 11. Na3 Qxb3 12. axb3 Nab4 13. Nxb4 Nxb4 14.
Ke2 Be7 15. Nc4 O-O 16. g4 Rfd8 17. f4 f6 18. h4 Nd5 19. h5 c5 20. e4 Nb6 21.
dxc5 Bxc5 22. h6 Rd4 23. Bc3 Rxe4+ 24. Kf3 f5 25. gxf5 exf5 26. hxg7 Nxc4 27.
bxc4 Rae8 28. Rh5 Re3+ 29. Kg2 Re2+ 30. Kh1 R2e4 31. Rxf5 Rxc4 32. Rd1 Bb6 33.
Kg2 Rc6 34. Re5 Rxe5 35. Bxe5 Bc7 36. Bc3 Rd6 37. Re1 Kf7 38. Kf3 Rg6 39. Rh1
h6 40. Rh5 Bd6 41. Ke4 Be7 42. Rf5+ Kg8 43. Bd4 Re6+ 44. Be5 Rc6 45. Rh5 Rg6
46. Kf5 Rc6 47. Rh3 a5 48. Rd3 Rc8 49. Rd7 Bb4 50. Rxb7 Kh7 51. Ke6 Kg8 52. f5
1-0

[Event "Madrid-chT 2021"]
[Site "Madrid"]
[Date "2021.05.30"]
[Round "13.5"]
[White "Dominguez Alfara, Miguel"]
[Black "Esteban Posadilla, Raul"]
[Result "1-0"]
[WhiteElo "2006"]
[BlackElo "1730"]
[PlyCount "93"]
[EventDate "2021.01.24"]
[EventType "team-tourn"]
[EventRounds "14"]
[EventCountry "ESP"]
[SourceTitle "Ajedrez en Madrid"]
[Source "lmi"]
[SourceDate "2021.01.23"]
[SourceVersion "1"]
[SourceVersionDate "2021.06.08"]
[SourceQuality "1"]
[WhiteTeam "Vallecas CDV"]
[BlackTeam "Tajamar"]
[WhiteTeamCountry "ESP"]
[BlackTeamCountry "ESP"]

1. d4 d5 2. Nf3 Bf5 3. e3 e6 4. c4 Bb4+ 5. Nc3 Nf6 6. Qa4+ Nc6 7. Ne5 O-O 8.
Nxc6 Bxc3+ 9. bxc3 Qd7 10. Ne7+ Qxe7 11. Ba3 Qe8 12. Qb3 Qc6 13. Bxf8 Rxf8 14.
c5 b6 15. Bb5 Qa8 16. cxb6 axb6 17. a4 Ne4 18. f3 Nd6 19. O-O c6 20. Be2 Rb8
21. Qb4 Nc8 22. c4 Qa7 23. cxd5 exd5 24. Rfc1 Bd7 25. a5 b5 26. Qc5 Qxc5 27.
Rxc5 Na7 28. e4 Be6 29. exd5 Bxd5 30. Bd3 Re8 31. Kf2 g6 32. Re1 Re6 33. Rxe6
fxe6 34. Kg3 Kg7 35. Kf4 Kf6 36. h4 h6 37. Rc1 Bb3 38. Be4 Bd5 39. Bxd5 exd5
40. Re1 Kf7 41. Ke5 Ke7 42. Rc1 b4 43. Rb1 Nc8 44. Rxb4 Nd6 45. a6 Nc4+ 46.
Rxc4 dxc4 47. a7 1-0

[Event "Madrid-chT 2021"]
[Site "Madrid"]
[Date "2021.05.30"]
[Round "13.6"]
[White "De los Rios Camacho, Juan Antoni"]
[Black "Ballesteros Galvez, Daniel"]
[Result "0-1"]
[WhiteElo "1553"]
[BlackElo "1917"]
[PlyCount "70"]
[EventDate "2021.01.24"]
[EventType "team-tourn"]
[EventRounds "14"]
[EventCountry "ESP"]
[SourceTitle "Ajedrez en Madrid"]
[Source "lmi"]
[SourceDate "2021.01.23"]
[SourceVersion "1"]
[SourceVersionDate "2021.06.08"]
[SourceQuality "1"]
[WhiteTeam "Tajamar"]
[BlackTeam "Vallecas CDV"]
[WhiteTeamCountry "ESP"]
[BlackTeamCountry "ESP"]

1. e4 e5 2. Nf3 Nc6 3. Bb5 a6 4. Ba4 Nf6 5. O-O Be7 6. Re1 b5 7. Bb3 d6 8. c3
O-O 9. h3 Nb8 10. d4 Nbd7 11. Bg5 Bb7 12. Nbd2 h6 13. Bh4 Re8 14. Nh2 c5 15.
Bxf6 Nxf6 16. Ng4 exd4 17. cxd4 cxd4 18. Nxf6+ Bxf6 19. Qh5 Qd7 20. f3 Rac8 21.
a4 Rc5 22. Qg4 Qxg4 23. hxg4 d3 24. axb5 axb5 25. Ra2 Rec8 26. Kf1 Rc1 27. Bd1
Bg5 28. b4 Bh4 29. Nb3 Rb1 30. Rd2 Bxe1 31. Kxe1 Rc3 32. Na5 Bc8 33. Ra2 Be6
34. Rd2 Rxb4 35. Nc6 Rxc6 0-1

[Event "Madrid-chT 2021"]
[Site "Madrid"]
[Date "2021.06.06"]
[Round "14.1"]
[White "Elissalt Cardenas, Hector"]
[Black "Bolado Saez, Sergio"]
[Result "1/2-1/2"]
[WhiteElo "2291"]
[BlackElo "2321"]
[PlyCount "81"]
[EventDate "2021.01.24"]
[EventType "team-tourn"]
[EventRounds "14"]
[EventCountry "ESP"]
[SourceTitle "Ajedrez en Madrid"]
[Source "lmi"]
[SourceDate "2021.01.23"]
[SourceVersion "1"]
[SourceVersionDate "2021.06.08"]
[SourceQuality "1"]
[WhiteTeam "Tajamar"]
[BlackTeam "Capablanca"]
[WhiteTeamCountry "ESP"]
[BlackTeamCountry "ESP"]

1. d4 d5 2. Bf4 Nf6 3. e3 g6 4. h3 Bg7 5. Nf3 c5 6. c3 Qb6 7. Qb3 c4 8. Qxb6
axb6 9. Na3 Nc6 10. g4 O-O 11. Nd2 Bd7 12. Bg2 e6 13. O-O Rfc8 14. Rfe1 Ra5 15.
Nc2 Rca8 16. a3 Bf8 17. Rac1 Rb5 18. Rb1 Rba5 19. e4 h6 20. Ne3 Ne7 21. Bd6 Re8
22. Bb4 Rb5 23. e5 Nh7 24. f4 Nc6 25. Nf3 Ra8 26. Bf1 Nxb4 27. axb4 Bxb4 28.
cxb4 Rxb4 29. Nc2 Rba4 30. b3 Ra2 31. Nb4 R2a3 32. Nd2 b5 33. Rec1 Nf8 34. Rb2
Be8 35. Rcc2 Nd7 36. Ra2 Nb8 37. Rxa3 Rxa3 38. Kf2 Nc6 39. Nxc6 Bxc6 40. Be2
Kf8 41. h4 1/2-1/2

[Event "Madrid-chT 2021"]
[Site "Madrid"]
[Date "2021.06.06"]
[Round "14.2"]
[White "Tejedo Meneses, Alvaro"]
[Black "Ingunza Curro, Andres"]
[Result "0-1"]
[WhiteElo "2030"]
[BlackElo "2406"]
[PlyCount "104"]
[EventDate "2021.01.24"]
[EventType "team-tourn"]
[EventRounds "14"]
[EventCountry "ESP"]
[SourceTitle "Ajedrez en Madrid"]
[Source "lmi"]
[SourceDate "2021.01.23"]
[SourceVersion "1"]
[SourceVersionDate "2021.06.08"]
[SourceQuality "1"]
[WhiteTeam "Capablanca"]
[BlackTeam "Tajamar"]
[WhiteTeamCountry "ESP"]
[BlackTeamCountry "ESP"]

1. e4 e5 2. Nf3 Nc6 3. Bb5 a6 4. Ba4 Nge7 5. c3 g6 6. d4 exd4 7. cxd4 b5 8. Bb3
Bg7 9. Bg5 h6 10. Be3 d5 11. e5 O-O 12. Qd2 Kh7 13. O-O Bf5 14. Rc1 Qd7 15. a3
Rac8 16. Ba2 Nd8 17. b4 Ne6 18. Nc3 c6 19. Ne2 Nc7 20. Ng3 Na8 21. Ne1 Nb6 22.
Nxf5 Nxf5 23. Nd3 Nc4 24. Nc5 Qe7 25. Qd3 f6 26. e6 Nfd6 27. Re1 Ra8 28. Bf4 a5
29. Bxd6 Nxd6 30. Bb3 a4 31. Bc2 f5 32. Re3 Rfe8 33. Nd7 Ne4 34. Nc5 Qf6 35.
Rae1 Qxd4 36. Qxd4 Bxd4 37. Bxe4 fxe4 38. R3e2 Bxc5 39. bxc5 Rxe6 40. f3 Rae8
41. Kf2 Kg7 42. fxe4 Rxe4 43. Rxe4 Rxe4 44. Rxe4 dxe4 45. Ke3 b4 46. axb4 a3
47. b5 a2 48. bxc6 a1=Q 49. Kxe4 Qa7 50. Kd5 Qe7 51. Kc4 Kf6 52. Kb5 Qc7 0-1

[Event "Madrid-chT 2021"]
[Site "Madrid"]
[Date "2021.06.06"]
[Round "14.3"]
[White "Mkrtchyan, Levon"]
[Black "Porras Fernandez, Alberto"]
[Result "1-0"]
[WhiteElo "2232"]
[BlackElo "1908"]
[PlyCount "107"]
[EventDate "2021.01.24"]
[EventType "team-tourn"]
[EventRounds "14"]
[EventCountry "ESP"]
[SourceTitle "Ajedrez en Madrid"]
[Source "lmi"]
[SourceDate "2021.01.23"]
[SourceVersion "1"]
[SourceVersionDate "2021.06.08"]
[SourceQuality "1"]
[WhiteTeam "Tajamar"]
[BlackTeam "Capablanca"]
[WhiteTeamCountry "ESP"]
[BlackTeamCountry "ESP"]

1. e4 c5 2. Nf3 Nc6 3. d4 cxd4 4. Nxd4 Qc7 5. Nc3 e6 6. g3 a6 7. Bg2 Nf6 8. O-O
Be7 9. Re1 O-O 10. Bf4 d6 11. Nxc6 bxc6 12. e5 Nd5 13. exd6 Bxd6 14. Bxd6 Qxd6
15. Ne4 Qc7 16. c4 Ne7 17. Qh5 Rb8 18. b3 Ng6 19. Qc5 Bb7 20. Rad1 Rfd8 21. Qa7
Ra8 22. Qc5 Rab8 23. b4 Ba8 24. a3 Ne5 25. Rf1 Rd7 26. Rxd7 Nxd7 27. Qe7 Qd8
28. Qxd8+ Rxd8 29. Rd1 Kf8 30. Nc5 Ke7 31. Nxa6 Ne5 32. Rxd8 Kxd8 33. Bf1 Nf3+
34. Kg2 Ne1+ 35. Kg1 Nf3+ 36. Kg2 Ne1+ 37. Kh3 Nc2 38. Bd3 Nxa3 39. Nc5 Kc7 40.
Kg4 Kd6 41. Kf4 f5 42. Ke3 e5 43. Kd2 e4 44. Bf1 Ke5 45. Kc3 g5 46. Kb2 Nxc4+
47. Bxc4 f4 48. Kc3 h5 49. gxf4+ Kxf4 50. Be2 g4 51. Kd4 h4 52. Bd1 e3 53.
fxe3+ Kf5 54. Bc2+ 1-0

[Event "Madrid-chT 2021"]
[Site "Madrid"]
[Date "2021.06.06"]
[Round "14.4"]
[White "Fernandez Rosado, Roberto"]
[Black "Rodriguez Lopez, David"]
[Result "1/2-1/2"]
[WhiteElo "2026"]
[BlackElo "2148"]
[PlyCount "66"]
[EventDate "2021.01.24"]
[EventType "team-tourn"]
[EventRounds "14"]
[EventCountry "ESP"]
[SourceTitle "Ajedrez en Madrid"]
[Source "lmi"]
[SourceDate "2021.01.23"]
[SourceVersion "1"]
[SourceVersionDate "2021.06.08"]
[SourceQuality "1"]
[WhiteTeam "Capablanca"]
[BlackTeam "Tajamar"]
[WhiteTeamCountry "ESP"]
[BlackTeamCountry "ESP"]

1. e4 e5 2. Nf3 Nc6 3. Bb5 a6 4. Ba4 Nf6 5. d3 d6 6. c3 g6 7. O-O Bg7 8. Nbd2
O-O 9. Re1 h6 10. Nf1 b5 11. Bc2 d5 12. Ng3 dxe4 13. dxe4 Qxd1 14. Rxd1 Be6 15.
Be3 Rfd8 16. Nd2 Na5 17. f3 Bf8 18. b4 Nc4 19. Nxc4 Bxc4 20. Bb3 Rxd1+ 21. Rxd1
Bxb3 22. axb3 Kg7 23. Ra1 Be7 24. Ne2 Nh7 25. Nc1 f5 26. Nd3 Bd6 27. c4 fxe4
28. fxe4 c6 29. Bc5 Bc7 30. Kf2 Ng5 31. Ke3 Ne6 32. Ke2 Ng5 33. Be3 Ne6 1/2-1/2

[Event "Madrid-chT 2021"]
[Site "Madrid"]
[Date "2021.06.06"]
[Round "14.5"]
[White "Simonyan, Arturo"]
[Black "Garnacho Velasco, Eduardo"]
[Result "1/2-1/2"]
[WhiteElo "1816"]
[BlackElo "1890"]
[PlyCount "108"]
[EventDate "2021.01.24"]
[EventType "team-tourn"]
[EventRounds "14"]
[EventCountry "ESP"]
[SourceTitle "Ajedrez en Madrid"]
[Source "lmi"]
[SourceDate "2021.01.23"]
[SourceVersion "1"]
[SourceVersionDate "2021.06.08"]
[SourceQuality "1"]
[WhiteTeam "Tajamar"]
[BlackTeam "Capablanca"]
[WhiteTeamCountry "ESP"]
[BlackTeamCountry "ESP"]

1. e4 d5 2. exd5 Qxd5 3. Nc3 Qa5 4. d4 Nf6 5. Nf3 c6 6. Bf4 Bf5 7. Bc4 e6 8.
O-O Be7 9. Qe2 O-O 10. a3 Nbd7 11. Rfe1 Rfe8 12. Nh4 Bg4 13. Qe3 Nb6 14. Bb3
Nh5 15. Nf3 Nxf4 16. Qxf4 Bxf3 17. Qxf3 Nd7 18. Ne2 Qc7 19. Nf4 Nf8 20. Re3 Bd6
21. g3 Rad8 22. Nd3 Ng6 23. Rae1 Re7 24. Qh5 b6 25. Ne5 Nxe5 26. dxe5 Bc5 27.
Re4 Rd2 28. R1e2 Qd8 29. c3 Rxe2 30. Qxe2 Rd7 31. Qf3 Rd2 32. Re2 Rxe2 33. Qxe2
g6 34. Bc2 Be7 35. b4 Kg7 36. Be4 c5 37. b5 Qc7 38. f4 c4 39. a4 Qc5+ 40. Kg2
h5 41. Bf3 h4 42. Qe4 hxg3 43. hxg3 Bf8 44. Be2 Qa3 45. Qxc4 Bc5 46. g4 Qc1 47.
Bf3 Qe3 48. Qe4 Qxc3 49. f5 Qd2+ 50. Kh3 exf5 51. gxf5 Qh6+ 52. Kg2 Qg5+ 53.
Bg4 gxf5 54. Qxf5 Qxf5 1/2-1/2

[Event "Madrid-chT 2021"]
[Site "Madrid"]
[Date "2021.06.06"]
[Round "14.6"]
[White "Coromina Martinez, David"]
[Black "Bravo De la Vega, Alvaro"]
[Result "1-0"]
[WhiteElo "1545"]
[BlackElo "2008"]
[PlyCount "133"]
[EventDate "2021.01.24"]
[EventType "team-tourn"]
[EventRounds "14"]
[EventCountry "ESP"]
[SourceTitle "Ajedrez en Madrid"]
[Source "lmi"]
[SourceDate "2021.01.23"]
[SourceVersion "1"]
[SourceVersionDate "2021.06.08"]
[SourceQuality "1"]
[WhiteTeam "Capablanca"]
[BlackTeam "Tajamar"]
[WhiteTeamCountry "ESP"]
[BlackTeamCountry "ESP"]

1. e4 c5 2. Nc3 e6 3. Nf3 d6 4. d4 cxd4 5. Nxd4 Nf6 6. Be2 Be7 7. O-O a6 8. a4
Qc7 9. Be3 b6 10. f3 Bb7 11. Nb3 Nbd7 12. Qe1 O-O 13. g4 Nc5 14. Qg3 Rac8 15.
h4 d5 16. Qxc7 Rxc7 17. exd5 Nxd5 18. Nxd5 Bxd5 19. Nxc5 Bxc5 20. Bxc5 Rxc5 21.
c3 a5 22. Rfd1 Rfc8 23. Kf2 Kf8 24. Bb5 Ke7 25. Ke3 R8c7 26. Rd2 h5 27. g5 Bb3
28. f4 e5 29. f5 Bc4 30. b4 Rd5 31. Rxd5 Bxd5 32. Kd3 f6 33. bxa5 bxa5 34. c4
Bf3 35. Ke3 Bg4 36. Ke4 Kd6 37. Ra2 Kc5 38. gxf6 gxf6 39. Rd2 Bh3 40. Rd8 Rb7
41. Rf8 Rb6 42. Rc8+ Kb4 43. c5 Rb7 44. c6 Rg7 45. Rf8 Bg2+ 46. Ke3 Kc5 47.
Rxf6 Bd5 48. Rg6 Rf7 49. Rg5 Bxc6 50. Bxc6 Kxc6 51. Ke4 Rb7 52. Kxe5 Rb4 53.
Rxh5 Rxa4 54. Rh7 Ra1 55. f6 Re1+ 56. Kf5 Rf1+ 57. Kg6 Rg1+ 58. Kh6 Rf1 59. Kg7
Rg1+ 60. Kf8 a4 61. Ra7 Rg4 62. h5 Rh4 63. f7 Rxh5 64. Rxa4 Rh1 65. Rf4 Kd7 66.
Kg7 Rg1+ 67. Kf6 1-0

[Event "Madrid-chT 2021"]
[Site "Madrid"]
[Date "2021.06.06"]
[Round "14.1"]
[White "Martinez Fernandez, Raul"]
[Black "Vazquez Igarza, Renier"]
[Result "0-1"]
[WhiteElo "2207"]
[BlackElo "2558"]
[PlyCount "78"]
[EventDate "2021.01.24"]
[EventType "team-tourn"]
[EventRounds "14"]
[EventCountry "ESP"]
[SourceTitle "Ajedrez en Madrid"]
[Source "lmi"]
[SourceDate "2021.01.23"]
[SourceVersion "1"]
[SourceVersionDate "2021.06.08"]
[SourceQuality "1"]
[WhiteTeam "San Sebastian de los Reyes"]
[BlackTeam "Collado Villalba"]
[WhiteTeamCountry "ESP"]
[BlackTeamCountry "ESP"]

1. e4 c5 2. d4 cxd4 3. c3 Nf6 4. e5 Nd5 5. Nf3 Nc6 6. Bc4 Nb6 7. Bb3 d5 8. exd6
Qxd6 9. Nxd4 Nxd4 10. cxd4 Be6 11. Nc3 Bxb3 12. axb3 g6 13. O-O Bg7 14. Qf3 Qd7
15. Ne4 O-O 16. Nc5 Qd5 17. Qxd5 Nxd5 18. Nxb7 Bxd4 19. Rd1 e5 20. Na5 Rfc8 21.
Nc4 Nb6 22. Nxb6 axb6 23. Rxa8 Rxa8 24. Be3 Bxe3 25. fxe3 Ra5 26. Kf2 Rb5 27.
Rd3 f5 28. Rc3 Kf7 29. Kf3 Rb4 30. h3 h5 31. g3 g5 32. Ke2 h4 33. Rc4 Rxb3 34.
gxh4 Rxb2+ 35. Kd1 gxh4 36. Rxh4 Ke6 37. Ra4 b5 38. Ra6+ Kd5 39. Kc1 Re2 0-1

[Event "Madrid-chT 2021"]
[Site "Madrid"]
[Date "2021.06.06"]
[Round "14.2"]
[White "Martin Duque, Jesus"]
[Black "Reyes Peñas, Sebastian"]
[Result "1/2-1/2"]
[WhiteElo "2449"]
[BlackElo "2179"]
[PlyCount "260"]
[EventDate "2021.01.24"]
[EventType "team-tourn"]
[EventRounds "14"]
[EventCountry "ESP"]
[SourceTitle "Ajedrez en Madrid"]
[Source "lmi"]
[SourceDate "2021.01.23"]
[SourceVersion "1"]
[SourceVersionDate "2021.06.08"]
[SourceQuality "1"]
[WhiteTeam "Collado Villalba"]
[BlackTeam "San Sebastian de los Reyes"]
[WhiteTeamCountry "ESP"]
[BlackTeamCountry "ESP"]

1. e4 c5 2. Nf3 e6 3. d4 cxd4 4. Nxd4 a6 5. c4 Nf6 6. Nc3 Bb4 7. Qd3 d5 8. exd5
exd5 9. Be2 O-O 10. O-O Nc6 11. Nxc6 bxc6 12. cxd5 Nxd5 13. Nxd5 Qxd5 14. Qxd5
cxd5 15. Be3 a5 16. Rfd1 Be6 17. Bd4 Rfc8 18. Rac1 f6 19. Bf3 a4 20. a3 Bd6 21.
Bc3 Bf4 22. Rb1 Rab8 23. Bb4 Rd8 24. g3 Be5 25. Rd2 d4 26. Bd1 Ra8 27. Bc2 Bc4
28. Rc1 Bb5 29. Bf5 d3 30. Be6+ Kh8 31. Rc5 Rab8 32. Bc4 Be8 33. Rxd3 Bxb2 34.
Rc7 Rdc8 35. Rxc8 Rxc8 36. Be6 Ra8 37. Rd2 Be5 38. Bd7 Bxd7 39. Rxd7 h5 40. Rd5
h4 41. Kg2 hxg3 42. hxg3 Kh7 43. Kf3 Kg6 44. Ke4 Bb2 45. Kd3 f5 46. Kc4 Kg5 47.
Kb5 Kg4 48. Bd6 g6 49. Rd2 Bc3 50. Rd3 Bb2 51. f3+ Kh3 52. Re3 g5 53. Re2 Bxa3
54. Bxa3 Kxg3 55. Re3 f4 56. Rd3 Re8 57. Bc5 Re1 58. Kxa4 Rf1 59. Rd5 Kxf3 60.
Rxg5 Rb1 61. Bd6 Ke3 62. Re5+ Kf2 63. Bc5+ Kg3 64. Rg5+ Kf3 65. Rf5 Ke4 66. Rf8
f3 67. Ka3 Rb5 68. Bf2 Rf5 69. Rd8 Rd5 70. Rf8 Rf5 71. Rb8 Ra5+ 72. Kb2 Kd3 73.
Re8 Rf5 74. Kc1 Rf7 75. Rd8+ Kc4 76. Kd2 Rf5 77. Re8 Kd5 78. Kd3 Rf6 79. Ra8
Rf7 80. Ke3 Kc4 81. Ra4+ Kd5 82. Bg3 Rf5 83. Bf4 Rf7 84. Kxf3 Rb7 85. Ra5+ Kd4
86. Be5+ Kd3 87. Ra3+ Kc4 88. Ke4 Rd7 89. Ra8 Kb4 90. Bd4 Kb5 91. Rc8 Re7+ 92.
Kd3 Rd7 93. Rc5+ Kb6 94. Rh5+ Kc6 95. Kc4 Kd6 96. Rh6+ Ke7 97. Kd3 Rd6 98. Rh7+
Kd8 99. Ke4 Rd7 100. Rh6 Kc7 101. Ke5 Kb7 102. Rb6+ Kc7 103. Rb4 Kc6 104. Rb6+
Kc7 105. Bc5 Rh7 106. Ra6 Rh5+ 107. Kd4 Kd7 108. Rd6+ Ke8 109. Rf6 Kd7 110. Bd6
Kc6 111. Bf4+ Kb5 112. Be5 Kb4 113. Rb6+ Ka3 114. Kc3 Ka4 115. Bd4 Rb5 116.
Ra6+ Ra5 117. Rg6 Rb5 118. Ra6+ Ra5 119. Rc6 Rb5 120. Ba7 Rb3+ 121. Kc4 Rb4+
122. Kd5 Rb7 123. Bg1 Rb5+ 124. Kd4 Kb3 125. Rc3+ Kb2 126. Kc4 Rh5 127. Rf3
Rh4+ 128. Bd4+ Kc2 129. Rf2+ Kb1 130. Kd3 Rh1 1/2-1/2

[Event "Madrid-chT 2021"]
[Site "Madrid"]
[Date "2021.06.06"]
[Round "14.3"]
[White "Alfaya Marcelo, Roberto"]
[Black "Quispe Arteaga, Gabriel"]
[Result "0-1"]
[WhiteElo "2182"]
[BlackElo "2389"]
[PlyCount "78"]
[EventDate "2021.01.24"]
[EventType "team-tourn"]
[EventRounds "14"]
[EventCountry "ESP"]
[SourceTitle "Ajedrez en Madrid"]
[Source "lmi"]
[SourceDate "2021.01.23"]
[SourceVersion "1"]
[SourceVersionDate "2021.06.08"]
[SourceQuality "1"]
[WhiteTeam "San Sebastian de los Reyes"]
[BlackTeam "Collado Villalba"]
[WhiteTeamCountry "ESP"]
[BlackTeamCountry "ESP"]

1. d4 Nf6 2. Nf3 e6 3. Bf4 b6 4. e3 Bb7 5. Nbd2 h6 6. Bd3 Nh5 7. O-O Nxf4 8.
exf4 c5 9. Re1 cxd4 10. Nxd4 Bc5 11. N2b3 O-O 12. Qh5 f5 13. Rad1 Qc7 14. Qh4
a6 15. Bc4 Bxd4 16. Rxd4 b5 17. Bf1 Nc6 18. Rd2 Nb4 19. Red1 Nd5 20. Rd4 Qxc2
21. Na5 Bc6 22. Nxc6 dxc6 23. R4d2 Qc5 24. g3 Nf6 25. Bg2 Rae8 26. Re2 Re7 27.
Rde1 Rfe8 28. Re5 Qd6 29. h3 c5 30. g4 Nd7 31. gxf5 Nxe5 32. fxe5 Qd2 33. f4
exf5 34. Bc6 g5 35. Qxh6 Qxe1+ 36. Kg2 Qd2+ 37. Kg1 gxf4 38. Bxe8 Rg7+ 39. Bg6
Qe1+ 0-1

[Event "Madrid-chT 2021"]
[Site "Madrid"]
[Date "2021.06.06"]
[Round "14.4"]
[White "Lianes Garcia, Marcos"]
[Black "Sanchez Gimeno, Miguel"]
[Result "1-0"]
[WhiteElo "2391"]
[BlackElo "1859"]
[PlyCount "55"]
[EventDate "2021.01.24"]
[EventType "team-tourn"]
[EventRounds "14"]
[EventCountry "ESP"]
[SourceTitle "Ajedrez en Madrid"]
[Source "lmi"]
[SourceDate "2021.01.23"]
[SourceVersion "1"]
[SourceVersionDate "2021.06.08"]
[SourceQuality "1"]
[WhiteTeam "Collado Villalba"]
[BlackTeam "San Sebastian de los Reyes"]
[WhiteTeamCountry "ESP"]
[BlackTeamCountry "ESP"]

1. e4 e6 2. d4 d5 3. Nd2 Nf6 4. e5 Nfd7 5. f4 c5 6. c3 Nc6 7. Ndf3 Qb6 8. g3 g6
9. Ne2 Bg7 10. Bh3 O-O 11. O-O f5 12. Kh1 c4 13. b3 Na5 14. Rb1 Qd8 15. g4 b5
16. bxc4 bxc4 17. gxf5 gxf5 18. Ba3 Re8 19. Rg1 Nf8 20. Ng3 Bd7 21. Nh5 Ng6 22.
Ng5 Rb8 23. Rxb8 Qxb8 24. Nxh7 Kxh7 25. Nf6+ Bxf6 26. Qh5+ Kg8 27. Qxg6+ Kh8
28. Qh6# 1-0

[Event "Madrid-chT 2021"]
[Site "Madrid"]
[Date "2021.06.06"]
[Round "14.5"]
[White "Peñas Merino, Ramona"]
[Black "Suarez Uriel, Adrian"]
[Result "0-1"]
[WhiteElo "1463"]
[BlackElo "2354"]
[PlyCount "56"]
[EventDate "2021.01.24"]
[EventType "team-tourn"]
[EventRounds "14"]
[EventCountry "ESP"]
[SourceTitle "Ajedrez en Madrid"]
[Source "lmi"]
[SourceDate "2021.01.23"]
[SourceVersion "1"]
[SourceVersionDate "2021.06.08"]
[SourceQuality "1"]
[WhiteTeam "San Sebastian de los Reyes"]
[BlackTeam "Collado Villalba"]
[WhiteTeamCountry "ESP"]
[BlackTeamCountry "ESP"]

1. d4 Nf6 2. Bf4 g6 3. e3 d6 4. Nf3 Nh5 5. Bg3 Bg7 6. Be2 c5 7. c3 Nc6 8. Nbd2
O-O 9. Qc2 Nxg3 10. hxg3 Qc7 11. O-O Bg4 12. Rac1 Rac8 13. Qd1 e5 14. dxe5 dxe5
15. Nh4 Be6 16. a3 f5 17. b4 e4 18. g4 Bf6 19. gxf5 gxf5 20. g3 Bxh4 21. gxh4
Kh8 22. Bc4 Qg7+ 23. Kh2 Qh6 24. Kh3 Rg8 25. Bxe6 Qxe6 26. Qb3 Qd7 27. Qb2 f4+
28. Kh2 Qg4 0-1

[Event "Madrid-chT 2021"]
[Site "Madrid"]
[Date "2021.06.06"]
[Round "14.6"]
[White "Zhou, Lulu"]
[Black "Guillo Sanchez Galiano, Ernesto"]
[Result "1-0"]
[WhiteElo "2077"]
[BlackElo "1372"]
[PlyCount "59"]
[EventDate "2021.01.24"]
[EventType "team-tourn"]
[EventRounds "14"]
[EventCountry "ESP"]
[SourceTitle "Ajedrez en Madrid"]
[Source "lmi"]
[SourceDate "2021.01.23"]
[SourceVersion "1"]
[SourceVersionDate "2021.06.08"]
[SourceQuality "1"]
[WhiteTeam "Collado Villalba"]
[BlackTeam "San Sebastian de los Reyes"]
[WhiteTeamCountry "ESP"]
[BlackTeamCountry "ESP"]

1. e4 c5 2. Nf3 a6 3. d4 cxd4 4. Nxd4 Nf6 5. Nc3 e5 6. Nb3 Bb4 7. Qd3 O-O 8.
Bd2 Nc6 9. O-O-O b5 10. f3 Na5 11. Nxa5 Bxa5 12. g4 Qc7 13. g5 Nh5 14. Nd5
Bxd2+ 15. Qxd2 Qd8 16. h4 Bb7 17. Ne3 Ng3 18. Rg1 Nxf1 19. Rdxf1 g6 20. Ng4 d6
21. Nf6+ Kg7 22. h5 Qc7 23. Rh1 Rh8 24. Rh2 h6 25. Rfh1 hxg5 26. Qxg5 Qe7 27.
hxg6 Rxh2 28. Rxh2 Rh8 29. Rh7+ Rxh7 30. gxh7+ 1-0

[Event "Madrid-chT 2021"]
[Site "Madrid"]
[Date "2021.06.05"]
[Round "14.1"]
[White "Valles Moreno, Ivan"]
[Black "Almagro Llamas, Pablo"]
[Result "1/2-1/2"]
[WhiteElo "2402"]
[BlackElo "2418"]
[PlyCount "78"]
[EventDate "2021.01.24"]
[EventType "team-tourn"]
[EventRounds "14"]
[EventCountry "ESP"]
[SourceTitle "Ajedrez en Madrid"]
[Source "lmi"]
[SourceDate "2021.01.23"]
[SourceVersion "1"]
[SourceVersionDate "2021.06.08"]
[SourceQuality "1"]
[WhiteTeam "Villalba 64"]
[BlackTeam "Virgen de Atocha"]
[WhiteTeamCountry "ESP"]
[BlackTeamCountry "ESP"]

1. Nf3 Nf6 2. c4 c6 3. g3 d5 4. Bg2 g6 5. O-O Bg7 6. Qc2 O-O 7. b3 d4 8. Bb2 c5
9. d3 Nc6 10. Nbd2 e5 11. a3 a5 12. Rae1 Bf5 13. Nh4 Be6 14. e3 Qc7 15. exd4
exd4 16. Ndf3 Rfe8 17. Ng5 Bd7 18. Bc1 h6 19. Ne4 Nxe4 20. Bxe4 Bh3 21. Ng2 Qd7
22. Bd2 Ne5 23. Bf4 Ng4 24. Bd2 Nf6 25. Bf3 g5 26. Rxe8+ Rxe8 27. Re1 b6 28. b4
axb4 29. axb4 Bf8 30. b5 Rxe1+ 31. Nxe1 Qa7 32. Qc1 Qa2 33. Bd1 Bf5 34. Qc2 Qa3
35. Qa4 Qxa4 36. Bxa4 Bd6 37. Kg2 Nd7 38. Bd1 f6 39. h3 Kg7 1/2-1/2